| 000 | 01805cam a2200313 4500 | ||
|---|---|---|---|
| 001 | 7316 | ||
| 005 | 20181127183358.0 | ||
| 008 | 980512s1998 enkab b 001 0 eng | ||
| 010 | _a 98008150 | ||
| 020 | _a1856495914 | ||
| 020 | _a1856495922 (pbk.) | ||
| 082 | 0 | 0 |
_a301/.096 _221 |
| 100 |
_aWerbner, Richard _b _c _d _eeditor _q |
||
| 245 | 0 | 0 |
_aMemory and the postcolony : _bAfrican anthropology and the critique of power / _cedited by Richard Werbner. |
| 260 |
_aLondon ; _aNew York : _bZed Books ; _aNew York, NY : _bDistributed in the USA exclusively by St. Martin's Press, _c1998. |
||
| 300 |
_ax, 236 p. : _bill., map ; _c22 cm. |
||
| 440 | 0 | _aPostcolonial encounters | |
| 504 | _aIncludes bibliographical references and index. | ||
| 505 |
_aBeyond the grave / Filip De Boeck -- Death, memory and the politics of legitimation / Sharon Elaine Hutchinson -- Smoke from the barrel of a gun / Richard Werbner -- Uses of defeat / Jennifer Cole -- Systematic judicial and extra-judicial injustice / Sally Falk Moore -- Pentecostalism, cultural memory and the state / Rijk van Dijk -- Make a complete break with the past / Birgit Meyer -- Memory and becoming chosen other / Anthony Simpson. _g _r _t |
||
| 520 | _aThrough theoretically informed anthropology, this book meets the need to rethink our understanding of the moral & political force of memory, its official/unofficial forms, & its moves from the personal & the social in postcolonial transformations. | ||
| 650 | 0 |
_aAnthropology _zAfrica _xPhilosophy. |
|
| 650 | 0 | _aMemory. | |
| 650 | 0 |
_aPower (Social sciences) _zAfrica. |
|
| 650 | 0 |
_aSocial psychology _zAfrica. |
|
| 651 | 0 |
_aAfrica _xPolitics and government. |
|
| 651 | 0 |
_aAfrica _xSocial life and customs. |
|
| 700 | 1 | _aWerbner, Richard P. | |
| 999 |
_c6237 _d6237 |
||